000 00827nab a2200241 u 4500
001 10421
003 HDC
007 cr bn ---aaaaa
008 210204c mydr|nes 0 a may d
040 _aHDC
100 _aSyuhada Choo Abdullah
_eauthor
_910665
245 0 _aKertas nanas diiktiraf /
_cby Syuhada Choo Abdullah dan Siti Sarah Aina Syawal
260 _aKuala Lumpur :
_bBerita Harian,
_c2012
336 _atext
_2rdacontent
337 _acomputer
_2rdamedia
338 _aonline resource
_2rdacarrier
650 _aExsport products
_910666
650 _aTourism industry
_92298
856 _zRequest full-text at [email protected]
942 _2lcc
942 _cNEWS
942 _kNWSC 0000372
999 _c7744
_d7744